Les groupes musicaux des années 60-70-80 - Statistiques

Statistiques générales
  • Ce quiz a été pris 183 fois
  • Le résultat moyen est 8 sur 20
Statistiques - réponses
Indices Nom du groupe % Correct
John, Paul, Ringo,George - 2 mots The Beatles
91%
Roxanne - Message in a bottle - 2 mots The Police
83%
Jim Morrison The Doors
72%
Jimmy Page -Stairway to Heaven - 2 mots Led Zeppelin
68%
Atom Heart Mother -The wall -2 mots Pink Floyd
64%
Smoke on the water - 2 mots Deep Purple
59%
Joëlle Mogensen - J'ai encore rêvé d'elle - 4 mots Il était une fois
49%
Frères Wilson (Brian, Dennis ,Carl ) - Good vibrations - 3 mots The Beach Boys
46%
Pete Townshend, - Roger Daltrey- Pinball wizard - 2 mots The Who
45%
Claude Moine - 3 mots Les chaussettes noires
44%
Gérard Rinaldi - Paulette la reine des paupiettes - 2 mots Les Charlots
40%
Ray et Dave Davies- You really got me - 2 mots The KInks
37%
La chenille - 4 mots La bande à Basile
30%
Have You Ever Seen the Rain?, Born on the Bayou, Proud Mary - 3 mots Creedence Clearwater Revival
28%
Gérard Blanc - Je m'éclate au Sénégal - 2 mots Martin Circus
26%
Hervé Forneri - 3 mots Les chats sauvages
21%
Vincent Lamy et Jacques Pradel - Oh les filles - 3 mots Au bonheur des dames
13%
Roger McGuinn - Mr Tambourine Man - 2 mots The Byrds
10%
Don't Let Me Be Misunderstood - 2 mots Santa Esmeralda
7%
Groupe belge - Et surtout ne m'oublie pas - 2 mots Crazy Horse
2%
Aucun quiz correspondant
Distribution des résultats
% des personnes avec chaque résultat
Percentile par nombre de réponses
Votre historique - résultats
Vous n’avez pas pris ce quiz